01457 a2200229 4500003000500000005001700005010001600022020001500038040000900053082001500062100003100077245010500108260004100213300003300254505071300287650002701000650001601027700003001043942001201073999001901085952012301104Nust20221028182510.0 a 76003947 a0827311664 cNust00a621.31,ROL1 aRollain, Philip J.910169310aExploring electricity electronics with the electrical team /cPhilip J. Rollain and Thomas E. Kraus. aAlbany :bDelmar Publishers,cc1979. aiv, 170 p. :bill. ;c27 cm. aWhy Study Electricity (Page-1), What is Electricity (Page-6), Conductors and Insulators (Page-11), The Electrical Team (Page-15), Meters (Page-19) Ohm’s Law (Page-24), Six Methods of Producing Electricity (Page-29), Electricity from Chemicals (Page-36), Magnetism (Page-43), Magnetism and Electricity (Page-48), Electromagnetism (Page-51), Introduction to Circuits (Page-57), Series Circuits (Page-64), Parallel Circuits (Page-70), Electrical Power (Page-76), D.C. Motors and Generators (Page-84), Alternating Current (Page-91), Transformers (Page-95), What is Electronics (Page-102), Resistance and Resistors (Page-109), Capacitance and Inductors (Page-116), Communications Caveman to Spaceman (Page-137). 0aElectrical engineering 0aElectronics1 aKraus, Thomas E.,9101694 2ddccBK c180541d180541 00102ddc4070aMCSbMCScGENd2016-12-12o621.31,ROLpMCS5853r2016-12-08w2016-12-12yBKzAlmirah No.28, Shelf No.6